| 000 | 00388nam a22001457a 4500 | ||
|---|---|---|---|
| 020 | _a9780470226537 | ||
| 040 | _cNUST | ||
| 082 | _a658.4013 MIT | ||
| 100 | _aMitra, Amitava | ||
| 245 | _aFundamentals of Quality Control and Improvement | ||
| 250 | _a3rd Edition | ||
| 260 |
_aNew Jersey; _bJohn Wiley, _c2008. |
||
| 650 |
_aQuality Control and Improvement _959133 |
||
| 942 |
_2ddc _cBK |
||
| 999 |
_c594732 _d594732 |
||